01456nam a22001097a 4500008004100000100003600041245008500077260003300162300003200195520108600227773003301313240102b ||||| |||| 00| 0 eng d aEngzell, Per and Mood, Carina  aUnderstanding patterns and trends in income mobility through multiverse analysis aAmerican Sociological Review a88(4), Aug, 2023: p.600-626 aRising inequalities in rich countries have led to concerns that the economic ladder is getting harder to climb. Yet, research on trends in intergenerational income mobility finds conflicting results. To better understand this variation, we adopt a multiverse approach that estimates trends over 82,944 different definitions of income mobility, varying how and for whom income is measured. Our analysis draws on comprehensive register data for Swedish cohorts born 1958 to 1977 and their parents. We find that income mobility has declined, but for reasons neglected by previous research: improved gender equality in the labor market raises intergenerational persistence in women’s earnings and the household incomes of both men and women. Dominant theories that focus on childhood investments have blinded researchers to this development. Methodologically, we show how multiverse analysis can be used with abduction—inference to the best explanation—to improve theory-building in social science. – Reproduced https://journals.sagepub.com/doi/full/10.1177/00031224231180607  aAmerican Sociological Review